000 00934nam0a22002651 4500
001 rc\4757536
005 20250613065343.0
021 _aRU
_b[66-96940]
035 _a(NLR Aleph) 008995568
090 _a9274202
_c9274202
100 _a20130417d1966 |||y0rusy50 ca
101 0 _arus
102 _aRU
105 _aa z |||||
200 1 _aЛучшие страницы французской литературы
_e[Для внеклассного чтения учащихся VIII класса
_fАдаптация А.Т. Антониан
210 _aМосква
_cПросвещение
_d1966]
215 _a148 с.
_cил.
_d20
300 _aНа обл. загл.: Belles pages de la litterature francaise
512 0 _aBelles pages de la litterature francaise
702 1 _aАнтониан
_bА.Т.
_4570
801 0 _aRU
_bNLR
_gpsbo
801 1 _aRU
_bELAR
_2rusmarc
852 _aNLR
_j67-3/350
942 _cBOOK
980 _aNB